000 00726nam a22002297a 4500
999 _c6100
_d6100
003 AR-CdUCM
008 190313b ||||| |||| 00| 0 spa d
040 _aMUNICIPALIDAD PROVINCIAL DEL CUSCO
_cBIBLIOTECA MUNICIPAL DEL CUSCO
082 _a839.603 /
_bL42
100 _aLaxness, Halldor Kiljan
_917725
245 _aEstaciòn atòmica /
260 _aBuenos Aires :
_bPlatina,
_c1956
300 _a207 páginas ;
_c20 cm.
500 _aDonación de la familia Nieto. Titulo original: Atomstoedin
505 _aNovela
650 _a Literatura islandesa
_912757
650 _aSiglo XX.
_98
650 _aNovelas
_9218
700 _aCoco Ferraris, José María (Traductor)
_917726
942 _2ddc
_cLIBROS
945 _awnts